000 01020nam a22001937a 4500
008 101209s2005 ua|||||r|||| 000 0 ara d
020 _a9770909653
082 _a382.0962
_bس ل ي
100 _921478
_aسليمان، علي عبد العزيز
245 _aالعلاقات الاقتصادية بين مصر والعالم الخارجي :
_bالواقع وآفاق المستقبل حتى عام 2020 /
_cعلي عبد العزيز سليمان
260 _aالقاهرة :
_bدار الشروق ، 2005
_c2005
300 _a211 ص :
_bأيض ؛
_c26 سم
490 _921479
_aمكتبة مصر 2020
504 _aيشتمل على ببليوجرافية: ص207-211 وملاحق وجداول
541 _aد. علي عبد العزيز سليمان ؛
_cإهداء ؛
651 _921480
_aمصر
_xالعلاقات الاقتصادية
942 _2ddc
_cBB
999 _c14874
_d14874